Normal view
MARC view
- Zaman,Amna Qais,Raiha & Israr,Maheen
Entry Personal Name
001 - CONTROL NUMBER
- control field: 4974
003 - CONTROL NUMBER IDENTIFIER
- control field: NUST
005 - DATE AND TIME OF LATEST TRANSACTION
- control field: 20170925124053.0
008 - FIXED-LENGTH DATA ELEMENTS
- fixed length control field: 170925|| aca||aabn | a|a d
040 ## - CATALOGING SOURCE
- Original cataloging agency: NUST
- Transcribing agency: NUST
100 ## - HEADING--PERSONAL NAME
- Personal name: Zaman,Amna Qais,Raiha & Israr,Maheen
670 ## - SOURCE DATA FOUND
- Source citation: Work cat.: (NUST): Zaman,Amna Qais,Raiha & Israr,Maheen, An assessment of skill mismatch between what the industry desires and what nbs & s3h graduates offer, 2017
